| 000 | 00568nam a2200193Ia 4500 | ||
|---|---|---|---|
| 003 | GCL | ||
| 008 | 140319s9999 xx 000 0 eng d | ||
| 040 |
_aGCL / _cGCL |
||
| 082 | 0 | 4 |
_a810.9 _bN D |
| 100 | 1 | _aNORTH, MICHAEL | |
| 245 | 1 | 0 |
_aTHE DIALECT OF MODERNISM: RACE LONGUAGE AND TWENTIETH CENTURY LITERATURE / _cNORTH, MICHAEL |
| 260 |
_a[S.N] : _bOXFORD UNIVERSITY PRESS ، _c1994 |
||
| 300 | _a252 P | ||
| 650 | 0 | 4 | _aHISTORY AND CRITICISM |
| 650 | 0 | 4 | _aLANGUAGE - CULTURE |
| 650 | 0 | 4 | _aAMERICAN LITERATURE |
| 650 | 0 | 4 | _aRACE IN LITERATURE |
| 942 |
_2ddc _cBK |
||
| 999 |
_c24081 _d24081 |
||